| 000 | 02041nam0a2200301 i 4500 | ||
|---|---|---|---|
| 001 | RU\NLR\BIBL_A\011473870 | ||
| 005 | 20240921162922.0 | ||
| 010 |
_a9785884375215 _954 |
||
| 021 |
_aRU _b2017-62270 _94409 |
||
| 035 | _a(RuMoRGB)009367292 | ||
| 035 | _a(NLR Aleph) 011473870 | ||
| 090 |
_a11868366 _c11868366 |
||
| 100 | _a20170918d2017 u y0rusy50 ca | ||
| 101 | 0 | _arus | |
| 102 | _aRU | ||
| 105 | _aa|||j|||000yy | ||
| 200 | 1 |
_aКриминальное поведение _eучебное пособие _e[для курсантов и слушателей, обучающихся по специальностям 37.05.02 Психология служебной деятельности, 40.05.01 Правоохранительная деятельность, 40.05.02 Правовое обеспечение национальной безопасности] _fК.В. Злоказов _gФедеральное государственное казенное образовательное учреждение высшего образования "Уральский юридический институт Министерства внутренних дел Российской Федерации", Кафедра психологии служебной деятельности и педагогики |
|
| 210 |
_aЕкатеринбург _cУральский юридический институт МВД России _d2017 |
||
| 215 |
_a67 с. _cил., табл. _d21 |
||
| 320 | _aБиблиогр.: с. 52-55 и в подстроч. примеч. | ||
| 606 | 1 |
_aПреступники _jУчебные издания для высших учебных заведений _xИзучение личности _yРоссийская Федерация _92116604 _3RU\NLR\AUTH\661278608 |
|
| 686 |
_aХ628.33я73-1 _2rubbk |
||
| 686 | 1 | _aХ628.33я73 | |
| 700 | 1 |
_aЗлоказов _bК. В. _gКирилл Витальевич |
|
| 942 | _cBOOK | ||
| 980 | _aNBR | ||